GLOBAL JAPANIZATION (Record no. 398355)

MARC details
000 -LEADER
fixed length control field 00398nam a2200181Ia 4500
008 - FIXED-LENGTH DATA ELEMENTS--GENERAL INFORMATION
fixed length control field 230512s9999 xx 000 0 und d
041 ## - LANGUAGE CODE
Language code of text/sound track or separate title eng
082 ## - DEWEY DECIMAL CLASSIFICATION NUMBER
Classification number 331
100 ## - MAIN ENTRY--PERSONAL NAME
Personal name ELGER T / SMITH C
245 ## - TITLE STATEMENT
Title GLOBAL JAPANIZATION
250 ## - EDITION STATEMENT
Edition statement 1
260 ## - PUBLICATION, DISTRIBUTION, ETC.
Name of publisher, distributor, etc. ROUTLEDGE LANDON
300 ## - PHYSICAL DESCRIPTION
Extent 391
365 ## - TRADE PRICE
Price amount 962
500 ## - GENERAL NOTE
General note Paper Back
520 ## - SUMMARY, ETC.
Summary, etc. Reference Copy
650 ## - SUBJECT ADDED ENTRY--TOPICAL TERM
Topical term or geographic name entry element General Book
Holdings
Withdrawn status Lost status Damaged status Not for loan Home library Current library Shelving location Date acquired Source of acquisition Cost, normal purchase price Serial Enumeration / chronology Total Checkouts Full call number Barcode Date last seen Price effective from Koha item type
        Institute of Management, Kolhapur Institute of Management, Kolhapur   22/05/2023 MEHTA BOOK SELLERS, KOLHAPUR 1173.00 18   331 MCK-2833 22/05/2023 22/05/2023 Book